Statistics for Major League Soccer (MLS) MVP Award

Click here to take the quiz!

General Stats

  • This quiz has been taken 19 times
  • The average score is 9 of 27

Answer Stats

SeasonPlayerClub% Correct
2009Landon DonovanLos Angeles Galaxy
94%
2019Carlos VelaLos Angeles FC
63%
2016David VillaNew York City FC
56%
2022Hany MukhtarNashville SC
56%
2018Josef MartínezAtlanta United FC
56%
2021Carles GilNew England Revolution
44%
2014Robbie KeaneLos Angeles Galaxy
44%
2020Alejandro PozueloToronto FC
38%
2015Sebastian GiovincoToronto FC
38%
2012Chris WondolowskiSan Jose Earthquakes
31%
2017Diego ValeriPortland Timbers
31%
1997PrekiKansas City Wizards
31%
2003Preki (2)Kansas City Wizards
31%
1996Carlos ValderramaTampa Bay Mutiny
25%
2010David FerreiraFC Dallas
25%
2011Dwayne De RosarioD.C. United
25%
2005Taylor TwellmanNew England Revolution
25%
2000Tony MeolaKansas City Wizards
25%
2008Guillermo Barros SchelottoColumbus Crew
19%
1999Jason KreisDallas Burn
19%
1998Marco EtcheverryD.C. United
19%
2013Mike MageeChicago Fire
19%
2002Carlos RuízLos Angeles Galaxy
13%
2001Alex Pineda ChacónMiami Fusion
6%
2004Amado GuevaraMetroStars
6%
2006Christian GómezD.C. United
6%
2007Luciano EmilioD.C. United
6%

Score Distribution

Percentile by Number Answered

Percent of People with Each Score

Your Score History

You have not taken this quiz